000 00379 a2200157 4500
001 71479
020 _a
040 _cAnchieta - Colégio São Paulo
100 _aRocha, Kátia
240 1 0 _aPode entrar: a porta está aberta
_lpor
245 1 0 _aPode entrar: a porta está aberta
300 _a[32p.]
362 0 _a2004
650 4 _aLiteratura infanto-juvenil
942 _cBK
999 _c71479
_d71479